[Event "Grand Prix Riga 2019"]
[Site "Riga"]
[Date "2019.07.13"]
[Round "1.6"]
[White "Yu, Yangyi"]
[Black "Aronian, Levon"]
[Result "1/2-1/2"]
[WhiteElo "2736"]
[BlackElo "2756"]
[Annotator "TA"]
[PlyCount "49"]
[EventDate "2019.07.10"]
[EventType "k.o."]
[EventCountry "LAT"]
[SourceTitle "playchess.com"]
[Source "ChessBase"]
[SourceQuality "1"]

{[%evp 19,49,28,31,18,15,15,12,14,11,12,10,9,25,24,45,25,26,21,25,31,31,22,23,18,25,14,33,28,27,13,35,25]} 1. d4 Nf6 2. c4 e6 3. g3 d5 4. Bg2 Be7 5. Nf3 O-O 6. O-O dxc4 7. Ne5 Nc6 8. Bxc6 bxc6 9. Nxc6 Qe8 10. Nxe7+ Qxe7 11. Qc2 {E05: Open Catalan: 5 Nf3 Be7} (11. Qa4 e5 12. dxe5 Qxe5 13. Re1 Be6 14. Nc3 Ne4 15. Qc2 Nxc3 16. Qxc3 Qxc3 17. bxc3 Rab8 18. f3 Rfd8 19. Bf4 Rb2 {½-½ (32) Nakamura,H (2746)-So,W (2762) Saint Louis 2019}) 11... c5 12. dxc5 Qxc5 13. Be3 {The position is equal.} Qc6 14. f3 {[#]} (14. Rc1 {seems wilder.} Bb7 15. f3 Rfc8 16. Bf2 Ng4 17. Nd2) 14... a5 $146 ({Predecessor:} 14... e5 15. Nd2 Ba6 16. Rac1 Rfc8 17. Bf2 e4 18. Nxe4 Nxe4 19. Qxe4 Qxe4 20. fxe4 {½-½ (49) Gunina,V (2527)-Tan,Z (2523) China 2018}) 15. Nc3 e5 16. Qa4 Qe6 17. Rad1 e4 {White should prevent ...exf3.} 18. Bd4 exf3 19. exf3 Bb7 20. Qb5 Bc6 21. Qe5 Rab8 22. Rd2 Rbd8 {[#] Threatens to win with ...Qxe5.} 23. Qxe6 fxe6 24. Rff2 Nd5 25. a3 {Accuracy: White = 72%, Black = 64%.} 1/2-1/2

[Event "Grand Prix Riga 2019"]
[Site "Riga"]
[Date "2019.07.12"]
[Round "1.7"]
[White "Nakamura, Hikaru"]
[Black "Topalov, Veselin"]
[Result "1/2-1/2"]
[WhiteElo "2754"]
[BlackElo "2740"]
[Annotator "TA"]
[PlyCount "77"]
[EventDate "2019.07.10"]
[EventType "k.o."]
[EventCountry "LAT"]
[SourceTitle "playchess.com"]
[Source "ChessBase"]
[SourceQuality "1"]

{[%evp 25,77,10,11,14,24,9,14,12,10,11,15,11,13,-15,3,0,17,14,18,0,0,5,19,9,18,17,19,12,19,19,18,16,20,18,23,0,0,0,0,0,6,6,6,6,6,6,8,7,7,0,0,0,0,0]} 1. e4 e5 2. Nf3 Nc6 3. Bb5 a6 4. Ba4 Nf6 5. O-O Be7 6. Re1 b5 7. Bb3 O-O 8. a4 Bb7 9. d3 d6 10. Nbd2 Nd7 11. c3 Nc5 12. axb5 axb5 13. Rxa8 Qxa8 14. Bc2 {C88: Closed Ruy Lopez: Anti-Marshall Systems} b4 15. d4 bxc3 16. bxc3 Nd7 17. Nf1 Bf6 18. d5 Ncb8 19. h4 {[#]} Qa1 $146 ({Predecessor:} 19... Nc5 20. Ng3 Bc8 21. Ng5 h6 {½-½ (38) Kasparov,G (2831)-Topalov,V (2735) Linares 2004}) 20. Re3 Nc5 21. c4 {[#] Ra3 is the strong threat.} Qa6 22. N1d2 Qb6 23. Ra3 Bc8 24. Nb3 Nba6 25. Nxc5 Nxc5 26. Qe1 Bg4 27. Nh2 Bd7 28. g3 Rb8 29. Nf3 h6 30. Be3 Qb2 {The position is equal.} 31. Qc3 Qxc3 32. Rxc3 Ra8 33. Bxc5 dxc5 34. Rb3 Bg4 35. Kg2 Bxf3+ 36. Kxf3 Be7 37. h5 Bd6 38. Bd1 g6 39. Kg2 {Accuracy: White = 65%, Black = 66%.} 1/2-1/2

[Event "Grand Prix Riga 2019"]
[Site "Riga"]
[Date "2019.07.13"]
[Round "1.7"]
[White "Topalov, Veselin"]
[Black "Nakamura, Hikaru"]
[Result "1/2-1/2"]
[WhiteElo "2740"]
[BlackElo "2754"]
[Annotator "TA"]
[PlyCount "50"]
[EventDate "2019.07.10"]
[EventType "k.o."]
[EventCountry "LAT"]
[SourceTitle "playchess.com"]
[Source "ChessBase"]
[SourceQuality "1"]

{[%evp 10,50,23,8,20,25,19,14,22,24,22,22,22,16,10,22,16,23,35,25,32,37,36,42,36,5,16,12,25,0,0,-27,-12,-19,-22,-14,-25,-14,0,-8,-12,-17,-21]} 1. e4 e5 2. Nf3 Nc6 3. Bc4 Bc5 4. c3 Nf6 5. d3 O-O 6. Nbd2 d5 {C54: Giuoco Piano: 4 c3 Nf6, main lines with 5 d4 and 5 d3} (6... a5 7. Nb3 Be7 8. a4 d5 9. exd5 Nxd5 10. O-O Bg4 11. h3 Bh5 12. Re1 Re8 13. Nbd2 Nb6 14. Bb5 {0-1 (65) Fedoseev,V (2702)-Wang,Y (2684) China 2019}) 7. exd5 Nxd5 8. Ne4 Be7 9. O-O Nb6 10. Bb3 Bf5 11. a4 a5 12. Re1 Qd7 13. Be3 Rad8 14. Bxb6 $146 ({Predecessor:} 14. Bc2) 14... cxb6 15. Bc4 Bg6 16. Qb3 Qc7 17. Re3 h6 18. Rae1 Kh8 19. Bd5 f6 $1 {[#] aiming for ...Rxd5!} 20. Bxc6 {Bb5 is the strong threat.} bxc6 21. d4 $1 Bf7 22. Qc2 $1 exd4 23. Nxd4 Rfe8 {The position is equal.} 24. Ng3 {[#] Black must now prevent Ne6.} Bd6 25. Rxe8+ Rxe8 {Accuracy: White = 60%, Black = 81%.} 1/2-1/2

[Event "Grand Prix Riga 2019"]
[Site "Riga"]
[Date "2019.07.12"]
[Round "1.8"]
[White "Vachier-Lagrave, Maxime"]
[Black "Navara, David"]
[Result "1-0"]
[WhiteElo "2775"]
[BlackElo "2734"]
[Annotator "TA"]
[PlyCount "37"]
[EventDate "2019.07.10"]
[EventType "k.o."]
[EventCountry "LAT"]
[SourceTitle "playchess.com"]
[Source "ChessBase"]
[SourceQuality "1"]

{[%evp 10,37,22,14,10,12,40,23,14,0,36,39,38,33,37,36,106,5,107,110,107,106,195,202,353,355,337,332,331,314]} 1. e4 c6 2. Nf3 d5 3. Nc3 Bg4 4. h3 Bxf3 5. Qxf3 Nf6 6. Be2 e6 {B11: Caro-Kann: Two Knights Variation} 7. O-O Bc5 8. Rd1 Bd4 {White has an edge.} 9. Qf4 e5 (9... Bxc3 $5 10. bxc3 (10. dxc3 Nxe4 11. Bd3 f5 $11) 10... Nxe4 $11) 10. Qg3 dxe4 $146 ({Predecessor:} 10... O-O 11. d3 Qd6 12. exd5 cxd5 13. Nb5 Qb6 14. Nxd4 exd4 {1-0 (64) Bacrot,E (2677)-Zelcic,R (2508) Zagreb 2018}) 11. d3 $36 {[%mdl 2048] White has some pressure.} exd3 12. Bxd3 Nbd7 ({Black should try} 12... O-O $14) 13. Ne2 (13. Qxg7 $16 Rg8 14. Qh6) 13... O-O {[#]} (13... Bb6 $11) 14. Bf5 $1 $16 ({Reject} 14. Nxd4 $6 exd4 15. Bf5 c5 $11) 14... Nc5 {[#] Strongly threatening ...Bxf2+!} 15. Bh6 $1 {[%csl Gh6][%cal Rg3g7][%mdl 512]} Nh5 (15... Ne6 $16) 16. Qg4 $18 {[%cal Re2d4][%mdl 64] Double Attack} Qd6 $2 (16... g6 {was worth a try.}) 17. Qxh5 Qxh6 18. Qxh6 gxh6 19. c3 {Accuracy: White = 57%, Black = 36%.} ({Weaker is} 19. Nxd4 exd4 20. Rxd4 Rae8 $14) 1-0

[Event "Grand Prix Riga 2019"]
[Site "Riga"]
[Date "2019.07.13"]
[Round "1.8"]
[White "Navara, David"]
[Black "Vachier-Lagrave, Maxime"]
[Result "1/2-1/2"]
[WhiteElo "2734"]
[BlackElo "2775"]
[Annotator "TA"]
[PlyCount "92"]
[EventDate "2019.07.10"]
[EventType "k.o."]
[EventCountry "LAT"]
[SourceTitle "playchess.com"]
[Source "ChessBase"]
[SourceQuality "1"]

{[%evp 9,92,20,25,13,13,-3,8,4,19,17,15,0,19,0,0,2,23,6,10,13,23,38,27,29,28,0,47,46,40,39,43,43,47,13,16,18,20,27,25,43,26,32,52,25,25,31,33,17,24,20,18,27,34,0,0,0,0,0,0,0,0,0,0,-16,-14,-13,-15,-34,-34,-115,-114,-129,-74,-64,-61,-55,-35,-41,-33,-64,0,-56,0,-48,0]} 1. e4 c5 2. Nf3 d6 3. Bb5+ Nd7 4. c3 Ngf6 5. Bd3 (5. Qe2 a6 6. Ba4 b5 7. Bc2 Bb7 8. d4 g6 9. O-O Bg7 10. e5 dxe5 11. dxe5 Bxf3 12. gxf3 Nd5 13. e6 N7f6 14. c4 bxc4 15. exf7+ Kxf7 {0-1 (31) Mamedov,R (2701)-Nepomniachtchi,I (2771) Astana 2019}) 5... e6 6. Bc2 {B51: Sicilian: Moscow Variation (3 Bb5+) without 3...Bd7} b5 7. d4 Bb7 8. Qe2 {The position is equal.} a6 9. O-O Be7 10. Bf4 O-O 11. Nbd2 Rc8 $146 ({Predecessor:} 11... cxd4 12. cxd4 Rc8 13. Bd3 Nb6 14. h3 Rc7 15. Rfc1 Rxc1+ 16. Rxc1 Qa8 {1-0 (43) Markidis,K (2359)-Gallagher,D (2167) Paleochora 2016}) 12. Rac1 Re8 13. e5 Nd5 14. Bg3 $1 dxe5 15. dxe5 c4 16. Ne4 Nc5 17. h4 Nd3 18. Bxd3 cxd3 19. Qxd3 Nf4 20. Qe3 Qd3 {[#] Strongly threatening ...Ne2+.} 21. Rfe1 (21. Qxf4 {is more complex.} Qxe4 22. Qxe4 Bxe4 23. Nd4 b4 24. cxb4 Bxb4 25. Rfd1) 21... Qxe3 22. Rxe3 Nd3 23. Rb1 Bxe4 24. Rxe4 Red8 25. h5 Rd5 26. Kf1 b4 27. cxb4 Nxb4 28. a3 Nd3 29. Rd4 Rxd4 30. Nxd4 {Black should prevent Ke2.} Rc4 31. Nf3 Rc2 32. Rd1 Nxb2 33. Rd7 Rc1+ 34. Ne1 Kf8 35. Bf4 Rc8 36. h6 {Threatens to win with hxg7+.} g5 37. Be3 Nc4 38. Nf3 g4 39. Nh2 ({White should try} 39. Nd2 $15) 39... Nxe5 $17 40. Ra7 {[#]} Bc5 (40... a5 $142 $1 41. Rxa5 Nc4) 41. Bxc5+ Rxc5 42. Rxa6 {KRN-KRN} Rc1+ 43. Ke2 Rc2+ 44. Kf1 Rc1+ 45. Ke2 Rc2+ 46. Kf1 Rc1+ {Accuracy: White = 59%, Black = 60%.} 1/2-1/2